00328nam a2200121Ia 4500008004100000040001800041041001200059082001800071100001200089245007900101260000900180300001700189230917s9999||||xx |||||||||||||| ||und|| e5002203aMAIN aEnglish a342.085 M278C aMahadev 0aChanging dimension of right to life and personal liberty: A critical study c2021 axxix, 316 p.